Vista normal Vista MARC

Entrada Materia (tema)

Número de registros utilizados en: 1

001 - CONTROL NUMBER

  • control field: 185179

003 - CONTROL NUMBER IDENTIFIER

  • control field: Co-BoUCM

005 - DATE AND TIME OF LATEST TRANSACTION

  • control field: 20250318084036.0

008 - FIXED-LENGTH DATA ELEMENTS

  • fixed length control field: 250318|| aca||aabn | a|a d

040 ## - CATALOGING SOURCE

  • Original cataloging agency: Co-BoUCM
  • Transcribing agency: Co-BoUCM

150 ## - HEADING--TOPICAL TERM

  • Topical term or geographic name as entry element: Impuesto sobre sociedades
  • General subdivision: Operaciones vinculadas

670 ## - SOURCE DATA FOUND

  • Source citation: Work cat.: (Co-BoUCM): Salamanca Samudio, Laura Viviana 185178, La comprobación de operaciones vinculadas en el impuesto sobre sociedades español , 2024